Pays les moins visités du monde - Statistiques

Statistiques générales
  • Ce quiz a été pris 376 fois
  • Le résultat moyen est 13 sur 30
Statistiques - réponses
Nombre de
touristes
Pays % Correct
100 000 / an Corée du Nord
78%
Environ 20 000 / an Afghanistan
63%
De 100 à 20 / an Somalie
56%
Environ 5500 / an Soudan du Sud
55%
2000 / an Tuvalu
52%
54 000 / an Tonga
51%
Moins de 500 / an Yémen
51%
Environ 6000 / an Îles Marshall
50%
142 000 / an Érythrée
49%
27 000 / an Îles Salomon
47%
Environ 4000 / an Kiribati
47%
Moins de 19 000 / an États fédérés de Micronésie
46%
45 000 / an Guinée
46%
51 000 / an Djibouti
45%
Environ 6000 / an Libye
44%
14 000 / an Mali
44%
80 000 / an Saint-Vincent-et-les Grenadines
43%
36 000 / an Comores
42%
84 000 / an Saint-Marin
41%
Moins de 9000 / an Turkménistan
41%
45 000 / an Guinée-Bissau
39%
Moins de 1000 / an Guinée équatoriale
39%
Environ 8000 / an São Tomé et Príncipe
39%
57 000 / an Sierra Leone
38%
45 000 / an Liberia
37%
85 000 / an Liechtenstein
37%
75 000 / an Timor Oriental / Timor Leste
36%
30 000 / an Mauritanie
34%
63 000 / an Dominique
31%
145 000 / an Moldavie
19%
Aucun quiz correspondant
Distribution des résultats
% des personnes avec chaque résultat
Percentile par nombre de réponses
Votre historique - résultats
Vous n’avez pas pris ce quiz